Dibujo a mano alzada para diseñadores de interiores (Registro nro. 7941)
[ vista simple ]
| 000 -Cabecera | |
|---|---|
| Campo de control de longitud fija | 00654nam a22002537a 4500 |
| 005 - Fecha y hora de la última transacción | |
| Campo de control | 20240712115619.0 |
| 008 - Elementos de longitud fija--Información general | |
| Campo de control de longitud fija | 160414b xxu||||| |||| 00| 0 spa d |
| 020 ## - International Standard Book Number | |
| Número Internacional Estándar del Libro (ISBN) | 9788434235267 |
| 041 ## - Idioma | |
| Código de idioma | Español |
| 082 ## - Clasificación Decimal Dewey | |
| Número de clasificación | 747 J61d |
| 100 ## - Entrada principal--Autor personal | |
| Nombre personal | Jiménez Catalán, Javier |
| 9 (RLIN) | 7917 |
| 100 ## - Entrada principal--Autor personal | |
| Nombre personal | Ortega Gómez, David |
| 9 (RLIN) | 7918 |
| 245 ## - Título propiamente dicho | |
| Título | Dibujo a mano alzada para diseñadores de interiores |
| 260 ## - Pie de imprenta | |
| Lugar de publicación, distribución, etc. | España |
| 260 ## - Pie de imprenta | |
| Nombre del editor, distribuidor, etc. | Parramón |
| 260 ## - Pie de imprenta | |
| Fecha de publicación, distribución, etc. | 2010 |
| 300 ## - Descripción física | |
| Extensión | 191 páginas |
| 650 ## - Materia general | |
| Temática (materia general) | DECORACIÓN DE INTERIORES |
| 650 ## - Materia general | |
| Temática (materia general) | ARQUITECTURA |
| 650 ## - Materia general | |
| Temática (materia general) | DIBUJO |
| 650 ## - Materia general | |
| Temática (materia general) | DISEÑADORES DE INTERIORES |
| 942 ## - Punto de acceso adicional KOHA | |
| Tipo de ítem KOHA | Libro |
| Fuente del sistema de clasificación o colocación | Dewey Decimal Classification |
| Signatura completa | Código de barras | Programa Académico | Tipo de ítem |
|---|---|---|---|
| 747 J61d | 21021 | Dirección de Educación Comunitaria y Asistencia Técnica | Libro |